[Event "Nordisk Mesterskab Ungdom U15 2026"]
[Site "Fredericia"]
[Date "2026.02.14"]
[Round "3.7"]
[White "Christensen, Uno Kolby"]
[Black "Gudnyjarson, Sigurdur Pall"]
[Result "0-1"]
[WhiteElo "1400"]
[BlackElo "1854"]
[BlackFideId "2321637"]
[EventDate "2026.02.13"]
[EventType "swiss"]
[EventRounds "6"]
[EventCountry "DEN"]
[SourceTitle "Live v. Fredericia Chess Club"]

1. e4 c6 2. Nc3 d5 3. d3 Nf6 4. Be3 d4 5. Bd2 dxc3 6. Bxc3 e6 7. Nf3 Be7 8. d4 Nxe4 9. Bd3 Nxc3 10. bxc3 O-O 11. O-O Nd7 12. c4 c5 13. d5 Nf6 14. Qe1 Re8 15. Ne5 Bd6 16. Qc3 exd5 17. Nf3 Ne4 18. Bxe4 dxe4 19. Nd2 Be5 20. Qb3 Bxa1 21. Rxa1 Qxd2 22. Qb5 Rd8 23. h3 Qd4 24. Kh2 Qe5+ 25. g3 Qxa1 26. Qxc5 Qf6 27. Qe3 Qf5 28. c5 Qxh3+ 29. Kg1 Rd1+ 30. Qe1 Rxe1# 0-1

[Event "Nordisk Mesterskab Ungdom U15 2026"]
[Site "Fredericia"]
[Date "2026.02.14"]
[Round "4.1"]
[White "Sandmann, Villads Majvang"]
[Black "Lustig, Melvin Ral"]
[Result "1/2-1/2"]
[WhiteElo "2103"]
[BlackElo "2200"]
[WhiteFideId "1472313"]
[BlackFideId "1764195"]
[EventDate "2026.02.13"]
[EventType "swiss"]
[EventRounds "6"]
[EventCountry "DEN"]
[SourceTitle "Live v. Fredericia Chess Club"]

1. d4 Nf6 2. c4 e6 3. Nc3 d5 4. cxd5 Nxd5 5. e4 Nxc3 6. bxc3 c5 7. Nf3 cxd4 8. cxd4 Bb4+ 9. Bd2 Bxd2+ 10. Qxd2 O-O 11. Bc4 b6 12. O-O Bb7 13. Rfe1 Nd7 14. Rad1 Rc8 15. Bb3 Nf6 16. Qf4 Qc7 17. Qh4 h6 18. d5 exd5 19. e5 Ne4 20. Bxd5 Bxd5 21. Rxd5 Nc3 22. Rd4 Rfe8 23. Rg4 Re6 24. Qg3 f5 25. Rd4 Rf8 26. h4 Ne4 27. Qf4 Qc2 28. Rf1 Nc3 29. Kh2 Ne2 30. Rd2 Nxf4 31. Rxc2 1/2-1/2

[Event "Nordisk Mesterskab Ungdom U15 2026"]
[Site "Fredericia"]
[Date "2026.02.14"]
[Round "4.2"]
[White "Jacobsen, Samuel Bro"]
[Black "Nieminen, Oliver"]
[Result "1/2-1/2"]
[WhiteElo "2067"]
[BlackElo "1969"]
[WhiteFideId "1480740"]
[BlackFideId "518280"]
[EventDate "2026.02.13"]
[EventType "swiss"]
[EventRounds "6"]
[EventCountry "DEN"]
[SourceTitle "Live v. Fredericia Chess Club"]

1. e4 c5 2. Nf3 d6 3. Bb5+ Nc6 4. O-O Bd7 5. Re1 e5 6. c3 Nf6 7. d4 cxd4 8. cxd4 Qc7 9. Nc3 a6 10. Ba4 b5 11. Bb3 O-O-O 12. Bg5 Qb7 13. Nd5 Rg8 14. Nxf6 gxf6 15. Bxf6 Bh3 16. Ng5 Bxg2 17. Bxd8 Kxd8 18. Kxg2 Rxg5+ 19. Kh1 Nxd4 20. Qd2 Bh6 21. Qa5+ Ke8 22. Rac1 Qd7 23. Qxa6 Rh5 24. Qa8+ Ke7 25. Qg8 Nxb3 26. axb3 Bxc1 27. Rxc1 Qd8 28. Qg4 Rh6 29. Rc8 Qa5 30. Qg5+ Rf6 31. b4 Qb6 32. Re8+ Kxe8 33. Qxf6 Qd4 34. Qf5 Ke7 35. Qg5+ Kd7 36. Qg4+ Kc7 37. Qf3 Qc4 38. Kg2 Qe6 39. Qc3+ Kb7 40. f3 Qg6+ 41. Kf2 Qh6 42. Kg2 Qg5+ 43. Kf2 Qh4+ 44. Kg2 Qg5+ 45. Kf1 Qf4 46. Qb3 Qc1+ 47. Ke2 Qf4 48. Qd5+ Kc7 49. Qxb5 Qxh2+ 50. Kd3 Qxb2 51. Qc4+ Kb6 52. Qxf7 Qxb4 53. Qxh7 Qb3+ 54. Ke2 Qc2+ 55. Ke3 Qc1+ 56. Ke2 1/2-1/2

[Event "Nordisk Mesterskab Ungdom U15 2026"]
[Site "Fredericia"]
[Date "2026.02.14"]
[Round "4.3"]
[White "Jamil, Oskar Jacobsen"]
[Black "Omarsson, Josef"]
[Result "0-1"]
[WhiteElo "1662"]
[BlackElo "2053"]
[WhiteFideId "7204191"]
[BlackFideId "2316102"]
[EventDate "2026.02.13"]
[EventType "swiss"]
[EventRounds "6"]
[EventCountry "DEN"]
[SourceTitle "Live v. Fredericia Chess Club"]

1. c4 Nf6 2. Nc3 g6 3. g3 Bg7 4. Bg2 O-O 5. d3 c5 6. Qd2 e6 7. Nf3 Nc6 8. b3 d5 9. e3 Qa5 10. Bb2 Rd8 11. d4 cxd4 12. exd4 dxc4 13. bxc4 Qb4 14. Ne2 Qxc4 15. O-O e5 16. Rfc1 Qa6 17. Qe1 exd4 18. Nexd4 Bd7 19. a3 Re8 20. Qd1 Rad8 21. Qb3 Na5 22. Qa2 Be6 23. Nxe6 Qxe6 24. Qxe6 Rxe6 25. Rc2 h6 26. h3 Red6 27. Be5 Rd1+ 28. Rxd1 Rxd1+ 29. Kh2 Nc6 30. Bb2 Nd5 31. Nd2 Bxb2 32. Rxb2 Nb6 33. Ne4 Ra1 34. Nd6 Rxa3 35. Nxb7 Ne5 36. Re2 Nf3+ 37. Bxf3 Rxf3 38. Ra2 Nc4 39. Rxa7 Rxf2+ 40. Kg1 Rd2 41. Nc5 Ne3 42. Ne4 Rg2+ 43. Kh1 Rc2 44. Ra3 Re2 45. Ra4 Nf5 46. Kg1 Kg7 47. Rb4 Rxe4 48. Rxe4 Nxg3 49. Ra4 Nf5 50. Kf2 g5 51. Kf3 h5 52. Ra6 f6 53. Ra8 Kg6 54. Rg8+ Ng7 55. Ra8 Ne6 56. Ra5 f5 57. Ra6 Kf6 58. Ra5 g4+ 59. hxg4 hxg4+ 60. Kg3 Kg5 61. Rb5 Ng7 62. Rb8 Nh5+ 63. Kg2 Nf6 64. Rb5 Ne4 65. Rb8 f4 66. Rb3 g3 67. Rb4 Kf5 68. Ra4 Ng5 69. Rb4 Kg4 70. Rb8 f3+ 71. Kh1 Nh3 72. Rb2 Nf4 73. Rb8 Nh5 74. Rb2 Kh3 75. Rh2+ Kg4 76. Ra2 Nf4 77. Ra8 Nd3 78. Ra2 Kf4 79. Kg1 Ke3 80. Ra3 g2 81. Ra2 Nf4 82. Ra3+ Ke4 83. Kh2 Ne2 84. Ra1 g1=Q+ 0-1

[Event "Nordisk Mesterskab Ungdom U15 2026"]
[Site "Fredericia"]
[Date "2026.02.14"]
[Round "4.4"]
[White "Reunanen, Emil"]
[Black "Bernhoftsen Banks, Alec"]
[Result "0-1"]
[WhiteElo "1766"]
[BlackElo "2093"]
[WhiteFideId "517437"]
[BlackFideId "1569708"]
[EventDate "2026.02.13"]
[EventType "swiss"]
[EventRounds "6"]
[EventCountry "DEN"]
[SourceTitle "Live v. Fredericia Chess Club"]

1. d4 d5 2. c4 c6 3. Nc3 dxc4 4. e3 Nf6 5. Bxc4 e6 6. Nf3 Be7 7. O-O O-O 8. e4 b6 9. d5 exd5 10. exd5 Bb7 11. dxc6 Nxc6 12. Bf4 Qxd1 13. Raxd1 h6 14. Nd5 Nxd5 15. Bxd5 Bf6 16. b4 Rad8 17. b5 Na5 18. Bxb7 Nxb7 19. Be5 Bxe5 20. Nxe5 Na5 21. Nc6 Nxc6 22. bxc6 Rxd1 23. Rxd1 Rc8 24. Rd6 Kf8 25. g3 Rc7 26. a4 Ke7 27. Rd5 Rxc6 28. Rd4 Rc5 29. h4 h5 30. Kg2 g6 31. Kf3 Rc3+ 32. Ke4 Ke6 33. f3 Rb3 34. Rc4 a5 35. Rc6+ Kd7 36. Rc4 Kd6 37. g4 hxg4 38. fxg4 Rh3 39. Rd4+ Ke6 40. h5 gxh5 41. gxh5 Rxh5 42. Kd3 Rd5 0-1

[Event "Nordisk Mesterskab Ungdom U15 2026"]
[Site "Fredericia"]
[Date "2026.02.14"]
[Round "4.5"]
[White "Bergdahl, Daniel"]
[Black "Martemyanov, Mikhail"]
[Result "1/2-1/2"]
[WhiteElo "2036"]
[BlackElo "1965"]
[WhiteFideId "1780921"]
[BlackFideId "34303774"]
[EventDate "2026.02.13"]
[EventType "swiss"]
[EventRounds "6"]
[EventCountry "DEN"]
[SourceTitle "Live v. Fredericia Chess Club"]

1. e4 c5 2. Nf3 e6 3. d4 cxd4 4. Nxd4 a6 5. Bd3 g6 6. Nc3 Bg7 7. Be3 Ne7 8. O-O d5 9. exd5 Nxd5 10. Nxd5 Qxd5 11. c3 O-O 12. Qb3 Nd7 13. Qxd5 exd5 14. Bf4 b6 15. Bc2 Bb7 16. Rfe1 Rfe8 17. Rad1 Rac8 18. Be3 Ne5 19. Ba4 b5 20. Bb3 b4 21. cxb4 Nc4 22. Bxc4 Rxc4 23. Nb3 Rxb4 24. Bd2 Rxe1+ 25. Bxe1 Rb6 26. Bc3 Bxc3 27. bxc3 f6 28. f3 Kf7 29. Re1 Ba8 30. Kf2 Rc6 31. Re3 Rc4 32. Rd3 Ra4 33. Rd2 Rc4 34. Rc2 Ke6 35. Ke3 Rc8 36. Re2 Kd6 37. Kd3 Bc6 38. Re3 Bb5+ 39. Kd2 Bd7 40. Kc2 Rc4 41. g3 Bf5+ 42. Kb2 Bd7 43. Rd3 Rc8 44. Rd4 Re8 45. Nc1 Bb5 46. Kc2 Ke5 1/2-1/2

[Event "Nordisk Mesterskab Ungdom U15 2026"]
[Site "Fredericia"]
[Date "2026.02.14"]
[Round "4.6"]
[White "Ravikumar, Hanesh"]
[Black "Christensen, Uno Kolby"]
[Result "1-0"]
[WhiteElo "1966"]
[BlackElo "1400"]
[WhiteFideId "1481878"]
[EventDate "2026.02.13"]
[EventType "swiss"]
[EventRounds "6"]
[EventCountry "DEN"]
[SourceTitle "Live v. Fredericia Chess Club"]

1. c4 c5 2. Nf3 Nc6 3. d4 d5 4. cxd5 Qxd5 5. Nc3 Qd6 6. d5 Nd4 7. Nxd4 cxd4 8. Qxd4 e5 9. Qd1 Nf6 10. e4 Qd8 11. Be2 Be7 12. O-O O-O 13. Be3 Bg4 14. Bxg4 Nxg4 15. Qxg4 h6 16. Rfd1 Bd6 17. Rac1 Rc8 18. a3 b6 19. Nb5 Rxc1 20. Rxc1 Be7 21. Bxh6 Bf6 22. h4 a6 23. Nc3 Re8 24. Bg5 Qd6 25. Qf5 Bxg5 26. Qxg5 Qh6 27. Qxh6 gxh6 28. Na4 Rb8 29. d6 Rb7 30. Nxb6 Rxb6 31. d7 Rd6 32. Rc8+ Kg7 33. d8=Q 1-0

[Event "Nordisk Mesterskab Ungdom U15 2026"]
[Site "Fredericia"]
[Date "2026.02.14"]
[Round "4.7"]
[White "Gudnyjarson, Sigurdur Pall"]
[Black "Jakobsen, Djoni F C"]
[Result "1-0"]
[WhiteElo "1854"]
[BlackElo "1680"]
[WhiteFideId "2321637"]
[BlackFideId "7205287"]
[EventDate "2026.02.13"]
[EventType "swiss"]
[EventRounds "6"]
[EventCountry "DEN"]
[SourceTitle "Live v. Fredericia Chess Club"]

1. d4 d5 2. c4 e6 3. Nf3 Nf6 4. g3 Be7 5. Bg2 O-O 6. O-O b6 7. cxd5 exd5 8. Nc3 Bb7 9. Bf4 Nbd7 10. Rc1 c6 11. Ne5 Nxe5 12. Bxe5 Bd6 13. Bxd6 Qxd6 14. Qb3 Rfe8 15. Rfd1 Re7 16. e3 Rae8 17. a4 Ne4 18. Ne2 Bc8 19. Nf4 Qf6 20. Qc2 Bd7 21. b4 g5 22. Nd3 Bg4 23. Rf1 Bf5 24. Qxc6 Qxc6 25. Rxc6 Nxg3 26. hxg3 Bxd3 27. Rfc1 Be4 28. Bxe4 dxe4 29. a5 bxa5 30. bxa5 Kg7 31. a6 Re6 32. d5 Rxc6 33. Rxc6 Rd8 34. d6 Kf6 35. Rc7 Rxd6 36. Rxa7 Ke6 37. Kg2 f6 38. g4 Kd5 39. Ra8 Kc5 40. a7 Kb6 41. Re8 Kxa7 42. Rxe4 Rd7 43. Kf3 Rf7 44. Ra4+ Kb6 45. Ke4 Kc6 46. Kf5 Kd5 47. Rd4+ Kc6 48. Re4 Kd6 49. Re6+ Kd5 50. Rxf6 Rg7 51. e4+ Kd4 52. e5 Kd5 53. Rd6+ Kc5 54. Kf6 Rg6+ 55. Kf7 Rxd6 56. exd6 Kxd6 57. Kf6 h6 58. Kg6 Ke6 59. Kxh6 Kf6 60. Kh5 1-0

[Event "Nordisk Mesterskab Ungdom U15 2026"]
[Site "Fredericia"]
[Date "2026.02.15"]
[Round "5.1"]
[White "Lustig, Melvin Ral"]
[Black "Omarsson, Josef"]
[Result "1-0"]
[WhiteElo "2200"]
[BlackElo "2053"]
[WhiteFideId "1764195"]
[BlackFideId "2316102"]
[EventDate "2026.02.13"]
[EventType "swiss"]
[EventRounds "6"]
[EventCountry "DEN"]
[SourceTitle "Live v. Fredericia Chess Club"]

1. e4 c5 2. Nf3 Nc6 3. Bb5 e5 4. O-O Bd6 5. d3 Nf6 6. a4 O-O 7. Nc3 h6 8. Bc4 Bc7 9. h3 d6 10. Be3 Nd4 11. Nd5 Kh8 12. Nxc7 Nxf3+ 13. Qxf3 Qxc7 14. Bxh6 Nh7 15. Bd2 f5 16. exf5 Rxf5 17. Qg3 Nf6 18. Bg5 Nh7 19. Bd2 Nf6 20. Rae1 Bd7 21. Bb3 d5 22. Re2 Rh5 23. Rfe1 c4 24. Rxe5 Rxe5 25. Rxe5 Kg8 26. dxc4 dxc4 27. Rg5 Qxg3 28. Bxc4+ Kh8 29. fxg3 Bxa4 30. b3 Bc6 31. Bd3 Be4 32. Bxe4 Nxe4 33. Rh5+ Kg8 34. Bf4 Rc8 35. Re5 Nf6 36. c4 Kf7 37. Bg5 b6 38. Re2 Rd8 39. Ra2 Rd7 40. Rf2 Rd1+ 41. Kh2 Rb1 42. Rf3 Kg6 43. Bxf6 gxf6 44. g4 a5 45. Kg3 Rc1 46. Kh2 Rc2 47. Rf5 a4 48. bxa4 Rxc4 49. a5 bxa5 50. Rxa5 Rc3 51. Rf5 Ra3 52. Rf3 Ra5 53. Kg3 Rb5 54. h4 Rb6 55. h5+ Kg7 56. Kh4 Rb2 57. Kg3 Rb6 58. Rf2 Ra6 59. Kh4 Rb6 60. g5 Rb4+ 61. g4 fxg5+ 62. Kxg5 1-0

[Event "Nordisk Mesterskab Ungdom U15 2026"]
[Site "Fredericia"]
[Date "2026.02.15"]
[Round "5.2"]
[White "Jacobsen, Samuel Bro"]
[Black "Sandmann, Villads Majvang"]
[Result "0-1"]
[WhiteElo "2067"]
[BlackElo "2103"]
[WhiteFideId "1480740"]
[BlackFideId "1472313"]
[EventDate "2026.02.13"]
[EventType "swiss"]
[EventRounds "6"]
[EventCountry "DEN"]
[SourceTitle "Live v. Fredericia Chess Club"]

1. e4 c5 2. Nf3 d6 3. Bb5+ Nd7 4. O-O a6 5. Bd3 Ngf6 6. c3 b5 7. Re1 e6 8. Bc2 c4 9. a4 Bb7 10. d4 cxd3 11. Bxd3 Be7 12. Bg5 bxa4 13. Qxa4 O-O 14. Nbd2 Nc5 15. Qc2 Nxd3 16. Qxd3 h6 17. Bh4 Qc7 18. Nd4 Rfd8 19. f3 Rdb8 20. Bf2 Bc8 21. Reb1 Nd7 22. Qc4 Qb7 23. Qc6 Ne5 24. Qxb7 Rxb7 25. b4 Bg5 26. N2b3 Nc4 27. h4 Bf6 28. b5 Rbb8 29. Nc6 Rxb5 30. Nbd4 Rxb1+ 31. Rxb1 Bd7 32. Rb4 d5 33. exd5 exd5 34. Rb7 Bxc6 35. Nxc6 a5 36. Bd4 Bxd4+ 37. cxd4 a4 38. Ne7+ Kf8 39. Nxd5 a3 40. Rb1 Nd2 41. Ra1 Nb3 42. Ra2 Nc1 43. Rc2 a2 44. Rxc1 a1=Q 45. Rxa1 Rxa1+ 46. Kf2 Ra2+ 47. Kg3 Rd2 48. Ne3 Rxd4 49. Nf5 Rd2 50. Kh3 Ra2 51. g4 Ra3 52. Kg3 Ra5 53. Kh3 Kg8 54. Kg3 Kh7 55. Ne7 g6 56. Nc6 Rd5 57. Kh3 Kg7 58. Kg3 Kf6 59. Nb4 Rd2 60. Na6 Ke5 61. Nc5 f5 62. Kh3 Kf4 63. gxf5 gxf5 64. h5 Kxf3 65. Nb3 Rd5 66. Kh2 f4 67. Kg1 Ke3 68. Kg2 f3+ 0-1

[Event "Nordisk Mesterskab Ungdom U15 2026"]
[Site "Fredericia"]
[Date "2026.02.15"]
[Round "5.3"]
[White "Bernhoftsen Banks, Alec"]
[Black "Nieminen, Oliver"]
[Result "1-0"]
[WhiteElo "2093"]
[BlackElo "1969"]
[WhiteFideId "1569708"]
[BlackFideId "518280"]
[EventDate "2026.02.13"]
[EventType "swiss"]
[EventRounds "6"]
[EventCountry "DEN"]
[SourceTitle "Live v. Fredericia Chess Club"]

1. e4 c6 2. d4 d5 3. exd5 cxd5 4. Bd3 Nc6 5. c3 Nf6 6. Bf4 Bg4 7. Qb3 e5 8. Bxe5 Nxe5 9. dxe5 Qe7 10. Bb5+ Bd7 11. Nf3 Qc5 12. Bxd7+ Nxd7 13. O-O O-O-O 14. Rd1 Nb6 15. a4 Be7 16. Qc2 Qc7 17. b3 g5 18. a5 Nd7 19. Rxd5 Kb8 20. a6 b6 21. c4 Nxe5 22. Nc3 Nxf3+ 23. gxf3 Rxd5 24. Nxd5 Qe5 25. Qc3 Qxc3 26. Nxc3 Bf6 27. Rc1 Bxc3 28. Rxc3 Kc7 29. Rd3 Rf8 30. Rd5 f6 31. Kf1 Rg8 32. f4 h6 33. fxg5 fxg5 34. Rf5 Rg7 35. Rf6 h5 36. Rh6 h4 37. h3 Rf7 38. Rg6 Rf3 39. Kg2 Rxb3 40. Rxg5 Ra3 41. Rg7+ Kb8 42. Rb7+ Ka8 43. Rh7 Rxa6 44. Rxh4 Ra4 45. Re4 a5 46. h4 b5 47. Re8+ Kb7 48. Re5 Rxc4 49. Rxb5+ Ka6 50. Rh5 a4 51. Kg3 a3 52. Rd5 Ra4 53. Rd1 a2 54. Ra1 Kb6 55. h5 Kc6 56. h6 Kd6 57. h7 Ra8 58. Rxa2 Rh8 59. Ra7 Ke6 60. Kh4 Kf6 61. Kh5 Re8 62. Kh6 Rh8 63. Rg7 1-0

[Event "Nordisk Mesterskab Ungdom U15 2026"]
[Site "Fredericia"]
[Date "2026.02.15"]
[Round "5.4"]
[White "Gudnyjarson, Sigurdur Pall"]
[Black "Bergdahl, Daniel"]
[Result "1/2-1/2"]
[WhiteElo "1854"]
[BlackElo "2036"]
[WhiteFideId "2321637"]
[BlackFideId "1780921"]
[EventDate "2026.02.13"]
[EventType "swiss"]
[EventRounds "6"]
[EventCountry "DEN"]
[SourceTitle "Live v. Fredericia Chess Club"]

1. d4 Nf6 2. c4 e6 3. g3 d5 4. Bg2 c6 5. Nf3 Nbd7 6. O-O Bd6 7. Nc3 O-O 8. Nd2 Bb4 9. e4 dxe4 10. Ndxe4 Re8 11. a3 Nxe4 12. Nxe4 Be7 13. b4 a5 14. Bd2 f5 15. Nc5 Nxc5 16. dxc5 axb4 17. Bxb4 Qxd1 18. Raxd1 Rd8 19. Rxd8+ Bxd8 20. Rd1 Be7 21. f4 Kf7 22. Rd6 Bxd6 23. cxd6 Bd7 24. c5 Ke8 25. Kf2 Kd8 26. Bf3 Kc8 27. Bd1 b6 28. cxb6 Kb7 29. Ke3 Kxb6 30. Kd4 Kb7 31. Kc5 Rf8 32. a4 g5 33. Be1 gxf4 34. gxf4 Rg8 35. Bg3 Rh8 36. a5 h5 37. Be2 h4 38. a6+ Ka7 39. Bf2 Rb8 40. Bxh4 Rb2 41. Bd3 Rxh2 42. Be1 Rh3 43. Bc4 Re3 44. Bd2 Rf3 45. Kd4 Rh3 46. Ke5 Rh8 47. Kf6 Kb6 48. Be3+ c5 49. Ke7 Rh7+ 50. Kf6 Bc8 51. a7 Kxa7 52. Bxc5+ Kb7 53. Bb5 Rd7 54. Kxe6 Rc7+ 55. Kd5 Be6+ 56. Kxe6 Rxc5 57. Bd3 Rc1 58. Bxf5 Re1+ 59. Kf6 Kc6 60. d7 Kc7 61. Be6 Kd8 62. f5 Rg1 63. Kf7 Rg5 64. f6 Rg1 65. Kf8 Rg6 1/2-1/2

[Event "Nordisk Mesterskab Ungdom U15 2026"]
[Site "Fredericia"]
[Date "2026.02.15"]
[Round "5.5"]
[White "Jamil, Oskar Jacobsen"]
[Black "Ravikumar, Hanesh"]
[Result "1/2-1/2"]
[WhiteElo "1662"]
[BlackElo "1966"]
[WhiteFideId "7204191"]
[BlackFideId "1481878"]
[EventDate "2026.02.13"]
[EventType "swiss"]
[EventRounds "6"]
[EventCountry "DEN"]
[SourceTitle "Live v. Fredericia Chess Club"]

1. c4 c5 2. g3 Nc6 3. Bg2 g6 4. Nc3 Bg7 5. d3 Nf6 6. Qd2 O-O 7. b3 Rb8 8. Bb2 a6 9. e3 e6 10. Nge2 d5 11. Rd1 d4 12. Na4 Qd6 13. exd4 Nxd4 14. Nxc5 e5 15. Ba3 1/2-1/2

[Event "Nordisk Mesterskab Ungdom U15 2026"]
[Site "Fredericia"]
[Date "2026.02.15"]
[Round "5.6"]
[White "Martemyanov, Mikhail"]
[Black "Reunanen, Emil"]
[Result "1-0"]
[WhiteElo "1965"]
[BlackElo "1766"]
[WhiteFideId "34303774"]
[BlackFideId "517437"]
[EventDate "2026.02.13"]
[EventType "swiss"]
[EventRounds "6"]
[EventCountry "DEN"]
[SourceTitle "Live v. Fredericia Chess Club"]

1. e4 c5 2. Nf3 d6 3. d4 cxd4 4. Nxd4 Nf6 5. Nc3 g6 6. Be3 Bg7 7. f3 a6 8. Qd2 Nc6 9. O-O-O Bd7 10. g4 h5 11. g5 Nh7 12. Nd5 e6 13. Nxc6 bxc6 14. Nb6 Rb8 15. Qxd6 Nf8 16. Nc4 Rb7 17. Qc5 Qb8 18. Nd6+ Kd8 19. Nxf7+ Ke8 20. Nd6+ 1-0

[Event "Nordisk Mesterskab Ungdom U15 2026"]
[Site "Fredericia"]
[Date "2026.02.15"]
[Round "5.7"]
[White "Jakobsen, Djoni F C"]
[Black "Christensen, Uno Kolby"]
[Result "1-0"]
[WhiteElo "1680"]
[BlackElo "1400"]
[WhiteFideId "7205287"]
[EventDate "2026.02.13"]
[EventType "swiss"]
[EventRounds "6"]
[EventCountry "DEN"]
[SourceTitle "Live v. Fredericia Chess Club"]

1. e4 c5 2. Nf3 Nc6 3. d4 d6 4. dxc5 dxc5 5. Qxd8+ Nxd8 6. Be3 e6 7. Nc3 Bd6 8. O-O-O e5 9. Rxd6 Nf6 10. Bb5+ Bd7 11. Bxd7+ Nxd7 12. Rhd1 Nf6 13. Nxe5 O-O 14. Bg5 h6 15. Bxf6 gxf6 16. Nd7 Re8 17. Nxf6+ Kf8 18. Nxe8 Kxe8 19. Nd5 Kf8 20. Nc7 Rc8 21. Rxd8+ Rxd8 22. Rxd8+ Ke7 23. Rh8 Kd7 24. Nd5 Kc6 25. Rxh6+ Kb5 26. h4 Kc4 27. h5 f5 28. Rf6 fxe4 29. h6 Kxd5 30. h7 e3 31. h8=Q e2 32. Qh5+ Kc4 33. Qxe2+ Kd5 34. Qe6+ Kd4 35. c3+ Kd3 36. Rf3# 1-0

[Event "Nordisk Mesterskab Ungdom U15 2026"]
[Site "Fredericia"]
[Date "2026.02.15"]
[Round "6.1"]
[White "Sandmann, Villads Majvang"]
[Black "Bernhoftsen Banks, Alec"]
[Result "1/2-1/2"]
[WhiteElo "2103"]
[BlackElo "2093"]
[WhiteFideId "1472313"]
[BlackFideId "1569708"]
[EventDate "2026.02.13"]
[EventType "swiss"]
[EventRounds "6"]
[EventCountry "DEN"]
[SourceTitle "Live v. Fredericia Chess Club"]

1. d4 d5 2. c4 c6 3. Nf3 Nf6 4. e3 Bf5 5. Nc3 e6 6. Nh4 Bg6 7. Be2 Nbd7 8. O-O Bd6 9. g3 O-O 10. Nxg6 hxg6 11. Qc2 Qe7 12. Rd1 Rfd8 13. b3 Rac8 14. e4 Nxe4 15. Nxe4 dxe4 16. Qxe4 e5 17. dxe5 Nf6 18. Qe3 Qxe5 19. Rb1 c5 20. Bf3 b6 21. Qxe5 Bxe5 22. Be3 Ne8 23. Bg5 Rxd1+ 24. Rxd1 Bd4 25. Re1 f6 26. Bc1 Kf8 27. h4 Nd6 28. Bf4 Nf7 29. Kg2 Ne5 30. Be4 Re8 31. Bd2 f5 32. Bc2 Ng4 33. Rxe8+ Kxe8 34. Be1 Ke7 35. Kf3 Ke6 36. Ke2 a5 37. Bd3 Ne5 38. Bb1 Ng4 39. f3 Ne5 40. Bd2 Nc6 41. g4 Ke5 1/2-1/2

[Event "Nordisk Mesterskab Ungdom U15 2026"]
[Site "Fredericia"]
[Date "2026.02.15"]
[Round "6.2"]
[White "Nieminen, Oliver"]
[Black "Lustig, Melvin Ral"]
[Result "1-0"]
[WhiteElo "1969"]
[BlackElo "2200"]
[WhiteFideId "518280"]
[BlackFideId "1764195"]
[EventDate "2026.02.13"]
[EventType "swiss"]
[EventRounds "6"]
[EventCountry "DEN"]
[SourceTitle "Live v. Fredericia Chess Club"]

1. e4 Nf6 2. e5 Nd5 3. d4 d6 4. c4 Nb6 5. exd6 exd6 6. Nc3 Be7 7. Bd3 Nc6 8. Nge2 Bg4 9. Be3 Qd7 10. O-O Nb4 11. b3 Nxd3 12. Qxd3 h5 13. a4 Qf5 14. Qxf5 Bxf5 15. c5 Nd7 16. Nb5 Kd8 17. cxd6 Bxd6 18. Nxd6 cxd6 19. Bf4 Ke7 20. Rfe1 Nf6 21. Nc3+ Kd7 22. Bg5 Be6 23. Bxf6 gxf6 24. d5 Bf5 25. Rac1 Rac8 26. Ne2 a6 27. g3 h4 28. Nf4 Rhe8 29. Nh5 Rxc1 30. Nxf6+ Kd8 31. Rxc1 Re5 32. f4 Re3 33. g4 Bc8 34. b4 Rf3 35. Rc4 Re3 36. Re4 Rb3 37. a5 h3 38. Kf2 Rb2+ 39. Kg3 Rb3+ 40. Kh4 Rf3 41. f5 Bd7 42. Nxd7 Kxd7 43. Re2 Rd3 44. f6 1-0

[Event "Nordisk Mesterskab Ungdom U15 2026"]
[Site "Fredericia"]
[Date "2026.02.15"]
[Round "6.3"]
[White "Omarsson, Josef"]
[Black "Gudnyjarson, Sigurdur Pall"]
[Result "1-0"]
[WhiteElo "2053"]
[BlackElo "1854"]
[WhiteFideId "2316102"]
[BlackFideId "2321637"]
[EventDate "2026.02.13"]
[EventType "swiss"]
[EventRounds "6"]
[EventCountry "DEN"]
[SourceTitle "Live v. Fredericia Chess Club"]

1. d4 d5 2. c4 e6 3. Nc3 Nf6 4. Nf3 c5 5. cxd5 Nxd5 6. e4 Nxc3 7. bxc3 cxd4 8. cxd4 Bb4+ 9. Bd2 Bxd2+ 10. Qxd2 O-O 11. Bc4 Nd7 12. O-O b6 13. e5 Bb7 14. Qe3 Rc8 15. Bd3 Qe7 16. Rfe1 Rfd8 17. Ng5 h6 18. Ne4 Bxe4 19. Qxe4 Nf8 20. Rad1 Qa3 21. Bb1 Rc4 22. Rd3 Qa4 23. Red1 Rdc8 24. h4 Rc1 25. Qe1 Rxd1 26. Rxd1 Rc4 27. Qd2 Qa3 28. h5 Qc3 29. Qf4 b5 30. Kh2 Qb4 31. Bd3 Rc3 32. Rb1 Qa3 33. Rxb5 Rc7 34. Bb1 Qa4 35. Rb8 Qd1 36. Bg6 Qe2 37. d5 Qxa2 38. Qb4 1-0

[Event "Nordisk Mesterskab Ungdom U15 2026"]
[Site "Fredericia"]
[Date "2026.02.15"]
[Round "6.4"]
[White "Bergdahl, Daniel"]
[Black "Jacobsen, Samuel Bro"]
[Result "1-0"]
[WhiteElo "2036"]
[BlackElo "2067"]
[WhiteFideId "1780921"]
[BlackFideId "1480740"]
[EventDate "2026.02.13"]
[EventType "swiss"]
[EventRounds "6"]
[EventCountry "DEN"]
[SourceTitle "Live v. Fredericia Chess Club"]

1. e4 e5 2. Nf3 Nc6 3. Bb5 a6 4. Ba4 Nf6 5. d3 b5 6. Bb3 Be7 7. O-O d6 8. c3 Na5 9. Bc2 c5 10. h3 O-O 11. Re1 Bb7 12. Nbd2 Re8 13. Nf1 h6 14. Ne3 Bf8 15. Bd2 Qc7 16. c4 Nc6 17. Nd5 Nxd5 18. cxd5 Nd4 19. Nxd4 exd4 20. Rc1 Rac8 21. Qg4 Kh8 22. f4 Qd8 23. b3 Qf6 24. Rf1 Qg6 25. Qxg6 fxg6 26. Bd1 Be7 27. Bg4 Ra8 28. b4 Bc8 29. bxc5 Bxg4 30. hxg4 dxc5 31. e5 Rac8 32. d6 Bxd6 33. exd6 Red8 34. a4 Rxd6 35. axb5 axb5 36. Rb1 b4 37. Rfc1 Rdc6 38. Rc4 Kg8 39. Rbc1 b3 40. Rb1 Rb6 41. Bc1 Rb5 42. Ba3 Ra8 43. Rxc5 1-0